Statistiques concernant Les films de 2022

Cliquez ici pour prendre le quiz!

Statistiques générales

  • Ce quiz a été pris 49 fois
  • Le résultat moyen est 4 sur 16

Statistiques - réponses

Réponse% Correct
Avatar : la Voie de l'eau
96%
Top Gun: Maverick
83%
The Batman (2022)
68%
Le Chat Potté 2 : la Dernière Quête
62%
La Nuit du 12
26%
Pacifiction - Tourment sur les îles
23%
La Conspiration du Caire
17%
Incroyable mais vrai
15%
Les Crimes du futur
13%
Vortex
11%
La Place d'une autre
6%
Bowling Saturne
4%
Aucun ours
2%
Une femme de notre temps
2%
Vitalina Varela
2%
La Nature
0%

Distribution des résultats

Percentile par nombre de réponses

% des personnes avec chaque résultat

Votre développement - résultats

Vous n’avez pas pris ce quiz